| 000 | 00629nam a2200133Ia 4500 | ||
|---|---|---|---|
| 008 | 170516s9999 xx 000 0 und d | ||
| 245 | _aThis is a single-institution study reporting on the excellent long-term oncological outcomes among patients with Stage I/II seminoma treated with post-operative radiotherapy (PORT). While PORT has fallen in disfavour as an adjuvant treatment for seminoma, | ||
| 260 | _bJournal of Medical Radiation Sciences | ||
| 260 | _c2016 | ||
| 300 | _a63:3 | ||
| 650 | _xRadiologic Technology | ||
| 650 | _xRadtech | ||
| 856 | _uhttp://onlinelibrary.wiley.com/doi/10.1111/jmrs.2016.63.issue-3/issuetoc | ||
| 999 |
_c332919 _d332919 |
||